Quizzes
Events
Quiz Creation
Community
Videos
Private Events
Remove Ads
Sign In
Join for FREE
Feedback
Dark Mode
Quiz Categories
Sports
Geography
Music
Movies
Television
Just For Fun
Miscellaneous
History
Literature
Language
Science
Gaming
Entertainment
Religion
Holiday
For Kids
Quiz Lab
Recent
Popular Today
Quiz Kudos Today
Editor Picks
Curator Picks
Quizzes by...
Day
Popularity
Type
Ratings
Length
Year
Community
Subscriptions
Recent Discussions
Orange Saloon
Badges
Playlists
Quests
Create
Leaderboards
Showdown
Live 5
Trivia Bingo
Activity
Puzzle Library
Sporcle Events
Private Events
Virtual Trivia
Globe League
Become a Host
Pub Owners
SporcleCon
Opinionation
Our Games
Videos
Blog
Mobile Apps
Partnerships
Remove Ads and Go Orange
Feedback
Television
TV Characters
TV Show
Sitcom
Network
Friends
Reality Shows
Cast
South Park
Star Trek
The Simpsons
Doctor Who
Television
TV Characters
TV Show
Sitcom
Network
Friends
Reality Shows
Cast
South Park
Star Trek
The Simpsons
Doctor Who
Random Quiz
Search Sporcle
×
Quiz Lab
Quiz Lab
Television
stage
Type in answers that appear in a list
Type in answers that appear in a list
Classic
Best Score? Go Orange.
SASUKE: Clearless Starting Position Numbers Stats
Can you name the starting position numbers which have never made it past Stage 1 on SASUKE?
By
yamfriend
60s
10 Questions
246 Plays
246 Plays
246 Plays
Comments
Comments
Give Quiz Kudos
Give Quiz Kudos
-
- Ratings
hide this ad
Replay
Link that replays current quiz
Next Quiz
Link to next quiz in quiz playlist
You Got
0%
They Got
Avg Score
90%
Avg Friend Score
Upgrade to see
Score Distribution
Jump to the score distribution portion of the page
Score
0/10
Timer
01:00
0
Plays Today
Number
% Correct
4
97.2%
8
95.9%
12
95.9%
16
94.7%
15
93.1%
21
92.3%
26
89%
27
87.8%
33
86.2%
37
84.6%
Quiz Playlist
Details
Report
Send in Message
Add To Playlist
Classic:
Type in answers that appear in a list
Last Updated: Feb 16, 2017
Quiz Scoreboard
CHALLENGE
Sign Up to Join the Scoreboard
Show All
Scores
Hide
Comments
May contain spoilers
Recently Published
Presidents Visiting Landmarks
by Hejman
History
7m
An Introduction to Baseball
by treessimontrees
Sports
5m
Movies - When Are They Set?
by FPL_Elf
Movies
5m
More to Explore
Quiz From the Vault
Featured Blog Post
Where Did the Easter Bunny Come From?
hide this ad
You Might Also Like...
Tags
Never
past
sasuke
stage
Starting
Today's Top Quizzes in Television
Browse Television
hide this ad
Today's Top Quizzes in stage
Browse stage
Top Contributed Quizzes in Television
1
5-to-1: The Simpsons Families
2
5-to-1: Television Doctors
3
7-to-1: TV Show Settings
4
One Piece Logic Puzzle
5
5-to-1: Streaming Originals
6
Survivor Seasons
7
Survivor Logic Puzzle: Heroes vs. Villains
8
TV Shows by First Names
9
Survivor Season by Logo
10
One Thing in Common: Television
Explore More
Trending Topics
Crossword
NBA
Marvel
Anime
Disney
Harry Potter
Kpop
The Office
Pokémon
WWE
Puzzle
Song
Country
Soccer
NFL
hide this ad
More By:
yamfriend
Quiz
Plays
Rating
Category
Featured
Created
SASUKE Typing Challenge!
2,107
4.00
Television
Aug 11, 2011
SASUKE Stage 1 Obstacles
425
Television
Nov 28, 2010
SASUKE Stage 3 Obstacles
364
Television
Dec 1, 2010
SASUKE Tournament Blitz!
349
Television
Jun 16, 2011
The Best Result
341
Television
Nov 30, 2010
Go to Creator's Profile
Score Distribution
Quiz Creator Spotlight
yamfriend
Follow
Send a Message
Quizzes Created
-
Created Quiz Play Count
-
More By This Creator
Popular Quizzes Today
1
Find the US States - No Outlines Minefield
2
Find the Countries of Europe - No Outlines Minefield
3
The Countries of the World
4
Find the US States
5
Popular People in 1961
6
US States
7
Risky Map Clicking: Biggest States A-Z
8
Movies - When Are They Set?
More Television Quizzes
Match the TV Spinoff
Published
Trending Quizzes
Risky Map Clicking: Least Populous States A-Z
1-10 Letter G Words
1-10 Letter F Words
Risky Map Clicking: Next State Alphabetically
Risky Map Clicking: Biggest States A-Z
Recently Updated
Leaping Animals
pecheneg
Reality TV Shows (A-Z)
bhenderson79
Rickey Henderson's Hall of Fame Teammates
pecheneg
Champions League XIs: Arsenal
pecheneg
Quick Pick: Celebrities in WWE's Hall of Fame
aduchscher
A-Z Keypad Blitz II
pecheneg
Multiple Oscar Actors
pecheneg
Mystery Phrase Blitz: Oscar 'Best Actors'
pecheneg
F. Scott Fitzgerald Novels
LTH
Pick 3 Villains
ddd62291
Trending Topics
Disney
NBA
Marvel
Crossword
Kpop
Harry Potter
Anime
Country
WWE
Pokémon
Soccer
Song
NFL
Puzzle
The Office
Your Account Isn't Verified!
In order to create a playlist on Sporcle, you need to verify the email address you used during registration. Go to your
Sporcle Settings
to finish the process.
Report this User
Report this user for behavior that violates our
Community Guidelines
.
Details:
Send Report
Go to the Sporcle.com Mobile Site →
Comments